[Event "Wch U20 59th"]
[Site "Cala Gonone"]
[Date "2022.10.21"]
[Round "10"]
[White "Bettalli, Francesco"]
[Black "Ballesteros Cardenas, Leonardo"]
[Result "1/2-1/2"]
[WhiteElo "2267"]
[BlackElo "2121"]
[PlyCount "83"]
[EventDate "2022.10.12"]
[EventType "swiss"]
[EventRounds "11"]
[EventCountry "ITA"]
[SourceTitle "CBM 210 Extra"]
[Source "ChessBase"]
[SourceDate "2022.11.30"]
[SourceVersion "1"]
[SourceVersionDate "2022.11.30"]
[SourceQuality "1"]

1. d4 Nf6 2. c4 e6 3. Nc3 Bb4 4. e3 0-0 5. Bd2 d5 6. Nf3 Re8 7. Rc1 b6 8. cxd5 exd5 9. Bd3 Bf8 10. Ne5 c5 11. 0-0 Bb7 12. f4 Nc6 13. Be1 cxd4 14. exd4 Nxd4 15. Bh4 Nc6 16. Bxf6 Qxf6 17. Nxd5 Qh6 18. Nxc6 Bxc6 19. Nc7 Bc5+ 20. Kh1 Re3 21. Bf5 Rf8 22. Nd5 Bxd5 23. Qxd5 Qf6 24. Bc2 Rd8 25. Qg5 Be7 26. Qb5 Bc5 27. b4 Bf8 28. Bb3 Re4 29. Rc7 Re7 30. Rxe7 Qxe7 31. Qc4 Rd7 32. a3 Rc7 33. Qd3 Rd7 34. Qc4 Qd6 35. Bc2 Qd4 36. Qb5 Rc7 37. Qd3 Qxd3 38. Bxd3 Rc3 39. Rf3 g6 40. Be2 Rc2 41. Bd1 Ra2 42. Rd3 1/2-1/2

[Event "Wch U20 59th"]
[Site "Cala Gonone"]
[Date "2022.10.12"]
[Round "1"]
[White "Ballesteros Cardenas, Leonardo"]
[Black "Olsen, Filip Boe"]
[Result "1-0"]
[WhiteElo "2121"]
[BlackElo "2433"]
[PlyCount "103"]
[EventDate "2022.10.12"]
[EventType "swiss"]
[EventRounds "11"]
[EventCountry "ITA"]
[SourceTitle "CBM 210 Extra"]
[Source "ChessBase"]
[SourceDate "2022.11.30"]
[SourceVersion "1"]
[SourceVersionDate "2022.11.30"]
[SourceQuality "1"]

1. d4 Nf6 2. c4 e6 3. Nc3 Bb4 4. e3 0-0 5. Bd3 c5 6. Nf3 b6 7. a3 Bxc3+ 8. bxc3 Bb7 9. 0-0 Ne4 10. Qc2 f5 11. Nd2 Nxd2 12. Bxd2 Nc6 13. Rad1 Rc8 14. f3 Na5 15. e4 fxe4 16. fxe4 Ba6 17. Rxf8+ Qxf8 18. Rf1 Qe7 19. e5 h6 20. Bxh6 gxh6 21. Rf6 Rf8 22. Bh7+ Kh8 23. Rxh6 Qg5 24. Rh3 Rf4 25. Bd3+ Kg8 26. Qe2 Rg4 27. Qf1 Rf4 28. Qe2 Kf8 29. Qe3 Bxc4 30. Rf3 Bxd3 31. Rxf4+ Bf5 32. dxc5 Ke8 33. cxb6 axb6 34. h4 Qg7 35. Rb4 Nc6 36. Rxb6 Nxe5 37. a4 Nc6 38. h5 Qg4 39. Qf3 Qxa4 40. h6 Qh4 41. Qe3 Qg4 42. Ra6 Be4 43. Ra2 Ne5 44. Re2 Nf3+ 45. Kf1 Ng5 46. Qd4 Qh4 47. Qh8+ Ke7 48. Qg7+ Nf7 49. Rxe4 Qxe4 50. h7 Qh4 51. Ke2 Qf6 52. h8Q 1-0

[Event "Valdivia op 2nd"]
[Site "Valdivia"]
[Date "2021.09.19"]
[Round "4"]
[White "Amigo Quintana, Antu"]
[Black "Ballesteros Cardenas, Leonardo"]
[Result "1/2-1/2"]
[WhiteElo "1779"]
[BlackElo "1991"]
[PlyCount "166"]
[EventDate "2021.09.16"]
[EventType "swiss"]
[EventRounds "6"]
[EventCountry "CHI"]
[SourceTitle "CBM 204 Extra"]
[Source "ChessBase"]
[SourceDate "2021.11.30"]
[SourceVersion "1"]
[SourceVersionDate "2021.11.30"]
[SourceQuality "1"]

1. d4 Nf6 2. c4 e6 3. Nf3 c5 4. d5 exd5 5. cxd5 d6 6. Nc3 g6 7. h3 Bg7 8. e4 0-0 9. Bd3 a6 10. a4 Nbd7 11. 0-0 Qe7 12. Bf4 h6 13. Qd2 g5 14. Bh2 g4 15. hxg4 Nxg4 16. Bf4 Nde5 17. Nxe5 Nxe5 18. Rae1 Qh4 19. Bg3 Qg5 20. Qxg5 hxg5 21. Be2 Bd7 22. b3 Rab8 23. Nd1 b5 24. a5 Rbc8 25. Ne3 Rc7 26. Rc1 Rb8 27. Rfd1 Rd8 28. Kf1 Kf8 29. Ke1 Ke7 30. Kd2 Rh8 31. Rf1 Ng6 32. Bg4 Bxg4 33. Nxg4 Nf4 34. Ne3 Be5 35. Rc2 Rcc8 36. Rcc1 Kd7 37. Rg1 Rc7 38. Rc2 Rhc8 39. Rgc1 Ng6 40. Bxe5 Nxe5 41. Rc3 c4 42. bxc4 bxc4 43. Rb1 Rc5 44. Rb6 Rxa5 45. Nf5 Ra2+ 46. Ke3 Re8 47. Nxd6 Kc7 48. Nxe8+ Kxb6 49. Kd4 Ng4 50. Kxc4 Ra4+ 51. Kb3 Rxe4 52. Rc6+ Ka7 53. f3 Rxe8 54. fxg4 Re4 55. Kc3 Kb7 56. Rd6 Rxg4 57. Rd7+ Kb6 58. Rxf7 Kc5 59. d6 Kxd6 60. Rf6+ Ke5 61. Rxa6 Rxg2 62. Ra4 Re2 63. Kd3 Re1 64. Kd2 Rf1 65. Ke2 Rb1 66. Kf3 Kf5 67. Ra5+ Kg6 68. Kg4 Rb4+ 69. Kg3 Kh5 70. Ra3 Rb1 71. Rc3 Rg1+ 72. Kh2 Rf1 73. Kg3 Re1 74. Kh3 g4+ 75. Kg3 Rg1+ 76. Kh2 Re1 77. Kg3 Rg1+ 78. Kh2 Rd1 79. Kg3 Rd5 80. Ra3 Kg5 81. Rb3 Rd4 82. Rb5+ Kf6 83. Rb3 Ke5 1/2-1/2

[Event "South America-ch U20"]
[Site "Chess.com INT"]
[Date "2021.06.19"]
[Round "7"]
[White "Ballesteros Cardenas, Leonardo"]
[Black "Farias Jaque, Maximiliano"]
[Result "1-0"]
[WhiteElo "1991"]
[BlackElo "1395"]
[PlyCount "69"]
[EventDate "2021.06.19"]
[EventType "swiss"]
[EventRounds "7"]
[EventCountry "CHI"]
[SourceTitle "CBM 203 Extra"]
[Source "ChessBase"]
[SourceDate "2021.09.30"]
[SourceVersion "1"]
[SourceVersionDate "2021.09.30"]
[SourceQuality "1"]

1. d4 Nf6 2. c4 g6 3. Nc3 Bg7 4. e4 d6 5. Nge2 0-0 6. Ng3 Nbd7 7. Be2 e5 8. d5 a5 9. Be3 Ne8 10. Qd2 Nc5 11. h4 f5 12. exf5 Bxf5 13. h5 e4 14. 0-0-0 a4 15. Nxf5 gxf5 16. h6 Bf6 17. g4 a3 18. b4 Na4 19. Bd4 Bg5 20. Be3 Bxe3 21. fxe3 Qf6 22. Kc2 c6 23. Rhf1 Qxc3+ 24. Qxc3 Nxc3 25. Kxc3 fxg4 26. Rxf8+ Kxf8 27. Bxg4 cxd5 28. cxd5 Nf6 29. Be6 b6 30. Kb3 Ra7 31. Rc1 Ke7 32. Rc6 b5 33. Rc8 Ra6 34. Rb8 Nd7 35. Rb7 1-0

[Event "Pan American-ch School U13"]
[Site "Medellin"]
[Date "2019.11.14"]
[Round "5"]
[White "Reque Chafloque, Anthony"]
[Black "Ballesteros Cardenas, Leonardo"]
[Result "1/2-1/2"]
[WhiteElo "1638"]
[BlackElo "1871"]
[PlyCount "49"]
[EventDate "2019.11.12"]
[EventType "swiss"]
[EventRounds "9"]
[EventCountry "COL"]
[SourceTitle "CBM 193 Extra"]
[Source "ChessBase"]
[SourceDate "2020.01.31"]
[SourceVersion "1"]
[SourceVersionDate "2020.01.31"]
[SourceQuality "1"]

1. e4 c6 2. d4 d5 3. exd5 cxd5 4. Bd3 Nc6 5. c3 Qc7 6. Ne2 Bg4 7. 0-0 Bxe2 8. Qxe2 e6 9. g3 Nf6 10. f4 Be7 11. Nd2 a6 12. Nf3 b5 13. f5 exf5 14. Bf4 Qd7 15. Ne5 Nxe5 16. Qxe5 0-0 17. Qxf5 Qxf5 18. Bxf5 g6 19. Rae1 Rfe8 20. Bd3 Bf8 21. Bg5 Nd7 22. Kf2 h6 23. Bd2 Kg7 24. Rxe8 Rxe8 25. Re1 1/2-1/2

[Event "Pan American-ch U14"]
[Site "Guayaquil"]
[Date "2019.07.27"]
[Round "9"]
[White "Ballesteros Cardenas, Leonardo"]
[Black "Jaque Gutierrez, Matias"]
[Result "1-0"]
[WhiteElo "1925"]
[BlackElo "1791"]
[PlyCount "75"]
[EventDate "2019.07.21"]
[EventType "swiss"]
[EventRounds "9"]
[EventCountry "ECU"]
[SourceTitle "EXT 2020"]
[Source "ChessBase"]
[SourceDate "2019.10.17"]
[SourceVersion "1"]
[SourceVersionDate "2019.10.17"]
[SourceQuality "1"]

1. d4 Nf6 2. c4 c5 3. d5 e6 4. Nc3 exd5 5. cxd5 d6 6. e4 g6 7. Nge2 Bg7 8. Ng3 0-0 9. Be2 h5 10. Bg5 Nbd7 11. 0-0 a6 12. a4 Qc7 13. f4 Nh7 14. Bh4 Qb6 15. Qc1 c4+ 16. Kh1 Nc5 17. a5 Qb4 18. Qc2 Re8 19. e5 Nd3 20. Ra4 Qc5 21. Bxd3 cxd3 22. Qxd3 Bd7 23. Nge4 Qc7 24. Rc4 Qxa5 25. Nxd6 b5 26. Rc5 Qb6 27. b4 Rf8 28. Nde4 a5 29. d6 Bc6 30. Nd5 Bxd5 31. Qxd5 axb4 32. d7 b3 33. d8Q Rfxd8 34. Bxd8 Rxd8 35. Nd6 b2 36. Rxb5 Qa6 37. Rb1 Qa7 38. Rb7 1-0

[Event "Antofagasta Zicosur op 4th"]
[Site "Antofagasta"]
[Date "2019.01.08"]
[Round "7"]
[White "Rios Soto, Guillermo Alejandro"]
[Black "Ballesteros Cardenas, Leonardo"]
[Result "0-1"]
[WhiteElo "1803"]
[BlackElo "1817"]
[PlyCount "47"]
[EventDate "2019.01.04"]
[EventType "swiss"]
[EventRounds "10"]
[EventCountry "CHI"]
[SourceTitle "CBM 190 Extra"]
[Source "ChessBase"]
[SourceDate "2019.07.15"]
[SourceVersion "1"]
[SourceVersionDate "2019.07.15"]
[SourceQuality "1"]

1. e4 c6 2. Nc3 d5 3. Nf3 dxe4 4. Nxe4 Nf6 5. Nxf6+ exf6 6. Bc4 Bd6 7. 0-0 0-0 8. h3 Re8 9. Re1 Rxe1+ 10. Qxe1 Nd7 11. d4 Nf8 12. a4 Bf5 13. c3 Ng6 14. Bf1 Qd7 15. Bd3 Re8 16. Qd2 Bb8 17. b4 Be4 18. Ne1 Qd6 19. g3 f5 20. f4 Ne7 21. b5 Nd5 22. bxc6 bxc6 23. c4 Nf6 24. Ra2 0-1

[Event "Wch U12"]
[Site "Pocos de Caldas"]
[Date "2017.08.28"]
[Round "8"]
[White "Ballesteros Cardenas, Leonardo"]
[Black "Roselli, Federico"]
[Result "1-0"]
[WhiteElo "1505"]
[BlackElo "1267"]
[PlyCount "77"]
[EventDate "2017.08.22"]
[EventType "swiss"]
[EventRounds "11"]
[EventCountry "BRA"]
[SourceTitle "CBM 180 Extra"]
[Source "ChessBase"]
[SourceDate "2017.10.06"]
[SourceVersion "1"]
[SourceVersionDate "2017.10.06"]
[SourceQuality "1"]

1. e4 e5 2. Nf3 Nc6 3. Bc4 Bc5 4. c3 Bb6 5. d3 Nf6 6. Nbd2 d6 7. Bb3 Bg4 8. h3 Bh5 9. Nf1 Qd7 10. Ne3 0-0-0 11. 0-0 Rhg8 12. Nf5 g6 13. Ng3 Na5 14. Bc2 Qe6 15. b4 Nc6 16. a4 a5 17. b5 Ne7 18. c4 Bd4 19. Rb1 Nd7 20. Kh2 Bxf3 21. Qxf3 Qf6 22. Qxf6 Nxf6 23. Bg5 Nxe4 24. Nxe4 f6 25. Nxf6 Rg7 26. Ne4 Rf8 27. Bh6 Nf5 28. Bxg7 Nxg7 29. Bd1 Ne6 30. Bg4 Kd7 31. Ng5 Rf6 32. Nxe6 Rxe6 33. Bxe6+ Kxe6 34. f4 exf4 35. Rbe1+ Kf5 36. Re7 c5 37. Rxb7 h5 38. b6 Be5 39. Re7 1-0